| 000 | 01260cam a2200253 a 4500 | ||
|---|---|---|---|
| 999 |
_c58102 _d58102 |
||
| 001 | 16911191 | ||
| 005 | 20210615141002.0 | ||
| 008 | 110809s2012 nyua b 001 0 eng | ||
| 020 | _a9781462503360 | ||
| 041 | _aeng | ||
| 080 | _a371.213.1 S-98 | ||
| 245 | 0 | 0 |
_aSystematic screenings of behavior to support instruction : _bfrom preschool to high school / _cKathleen Lynne Lane, Holly Mariah Menzies, Wendy Peia Oakes, Jemma Robertson Kalberg. |
| 264 |
_aNew York : _bGuilford, _c2012. |
||
| 300 |
_a260 p. : _bill. ; _c26 cm. |
||
| 653 | _aინსტრუქციის მხარდასაჭერად ქცევის სისტემატური სკრინინგი | ||
| 653 | _aСистематический скрининг поведения для поддержки обучения | ||
| 653 | _aბავშვების ქცევითი შეფასება | ||
| 653 | _aПоведенческая оценка детей | ||
| 700 | 1 |
_aLane, Kathleen L. _eავტორი _912050 |
|
| 700 | 1 |
_aMenzies, Holly Mariah _eავტორი _912051 |
|
| 700 | 1 |
_aOakes, Wendy Peia _eავტორი _912052 |
|
| 700 | 1 |
_aKalberg, Jemma Robertson _eავტორი _912053 |
|
| 942 |
_2udc _cBK |
||